Passatempos de ciências da natureza, 5º ano (Registo nº 983)

Detalhes MARC
000 -Etiqueta do registo
Cabeçalho 00959nam a2200337 i 4500
005 - Identificador da versão
Campo de controlo 20240813121820.0
010 ## - Número internacional normalizado dos livros (ISBN)
Número (ISBN) 9720211296
021 ## - Número do Depósito Legal
Código do país PT
Número 227696/05
035 ## - Other System Control Numbers
System Control Number 0001048
System Control Number 0001031
100 ## - Dados gerais de processamento
Dados gerais de processamento 20060914e2005 d y0pory5003 ba
102 ## - Pais de publicação ou produção
País de publicação Portugal
101 0# - Língua de publicação
Língua do texto, banda sonora, etc. Português
106 ## - Campo de dados codificados: material textual
Dados codificados do material textual r
105 ## - Campo de dados codificados: livros
Dados codificados dos livros a j 001yy
215 ## - Descrição física 
Indicação específica da natureza do documento e extensão da espécie 64 p.
Outras indicações físicas il.
Dimensões 20 cm
200 1# - Titulo e menção de responsabilidade
Título próprio Passatempos de ciências da natureza, 5º ano
Primeira menção de responsabilidade Alexandra Meneses
Outras menções de responsabilidade il. Cristina Malaquias
225 2# - Colecção 
Título próprio da colecção Passatempos
205 ## - Menção da edição
Menção da edição [1ª ed.
Outras menções de edição 1ª reimp.]
210 ## - Publicação, Distribuição, etc. 
Lugar da edição, distribuição, etc. Porto
Nome do editor, distribuidor, etc. Porto Editora
Data da publicação, distribuição, etc. 2005
606 ## - Nome comum usado como assunto
Número de registo de entrada de autoridade 0001318
Palavra de ordem Ciências da natureza
Subdivisão de assunto [Exercícios]
Código do sistema SIPOR
675 ## - Classificação Decimal Universal (CDU)
Notação 57(075.2)
Edição BN
Língua da edição por
Notação 502(075.2)
Edição BN
Língua da edição por
Notação 373.33(469)
Edição BN
Língua da edição por
702 #1 - Nome de autor-pessoa física (responsabilidade secundária)
Número de registo de entrada de autoridade 0001322
Palavra de ordem Malaquias
Outra parte do nome não tomada para palavra de ordem Cristina
Código de função Ilustrador / Técnico de desenho computorizado
700 #1 - Nome de autor-pessoa física (responsabilidade principal)
Número de registo de entrada de autoridade 0001321
Palavra de ordem Meneses
Outra parte do nome não tomada para palavra de ordem Alexandra
942 ## - Elementos de entrada adicionados (Koha)
Tipo de item no Koha Livro
Exemplares
Situação do levantamento Origin of item (home branch) (coded) Biblioteca de empréstimo Código de barras Cota Circulation type (not for loan) Tipo de documento Nota do exemplar Damaged status
  Biblioteca Escolar Eng. Nuno Mergulhão Biblioteca Escolar Eng. Nuno Mergulhão BENM1734 57 NAT   Livro Sem mensagem